00372 2200157 4500245005300000020001800053250001000071110002000081650001000101005001900111260003500130041001400165084001200179300001400191336000900205 aEnsiklopedi Musik jilid 2cDelta PamungkashText a979-9327-32-6 aCet.4 aDelta Pamungkas aMusik a20240926124752 aJakartabDelta Pamungkasc2010 aIndonesia aR 780.3 a362 hlm : atext